Martin Heidegger
Elmentve itt :
| Szerző: | |
|---|---|
| Adatforrás: | Philobibl |
| Dokumentumtípus: | Könyv |
| Nyelv: | magyar |
| Kulcsszavak: | Heidegger egzisztencializmus Lét és idő fundamentálontológia történetfilozófia nyelvfilozófia hermeneutika |
| Megjelent: |
Bp.
Kossuth K.
1984
|
| Sorozat: | A polgári filozófia a XX. században
|
| LEADER | 00648nam a2200229 c 4500 | ||
|---|---|---|---|
| 001 | bibDOK00001225 | ||
| 005 | 20200924115737.2 | ||
| 008 | 060518s1984 hu hun | ||
| 100 | 1 | |a Fehér M. István | |
| 245 | 1 | 0 | |a Martin Heidegger |c Fehér M. István |
| 260 | |a Bp. |b Kossuth K. |c 1984 | ||
| 300 | |a 204 p. | ||
| 490 | 1 | |a A polgári filozófia a XX. században | |
| 500 | |a monográfia | ||
| 695 | |a Heidegger | ||
| 695 | |a egzisztencializmus | ||
| 695 | |a Lét és idő | ||
| 695 | |a fundamentálontológia | ||
| 695 | |a történetfilozófia | ||
| 695 | |a nyelvfilozófia | ||
| 695 | |a hermeneutika | ||
| 830 | 2 | |a A polgári filozófia a XX. században | |